| 000 | 00689nam a2200205Ia 4500 | ||
|---|---|---|---|
| 001 | 1344 | ||
| 003 | GE_BSU | ||
| 008 | 181216s||||||||xx |||||||||||||| ||und|| | ||
| 040 | _cGE_BSU | ||
| 080 | _a004.8 | ||
| 100 | _aჩოგოვაძე, გ; ცინცაძე. ა; | ||
| 245 | _aხელოვნური ინტელექტი საზოგადოების კარიბჭესთან | ||
| 260 | _aთბილისი | ||
| 260 | _bსაბჭოთა საქართველო | ||
| 260 | _c1987 | ||
| 300 | _b131 გვ. 19 სმ. | ||
| 541 | _h5 ლ. | ||
| 653 | _aხელოვნური ინტელექტი; | ||
| 942 | _cBK | ||
| 999 |
_c35485 _d35485 |
||